Methoden der organischer Chemie (Houben-Weyl) Band XIII/9a Metallorganische Verbindungen Mn, Re, Fe, Ru, Os, Pt
Guardado en:
| Otros Autores: | |
|---|---|
| Formato: | Libro |
| Lenguaje: | alemán |
| Publicado: |
Stuttgart
G.Thieme Verlag
1986
|
| Edición: | 4. völlig neu gestaltete Aufl. |
| Materias: | |
| Acceso en línea: | Ver en el OPAC |
| Etiquetas: |
Sin Etiquetas, Sea el primero en etiquetar este registro!
|
MARC
| LEADER | 00000nam a2200000 a 4500 | ||
|---|---|---|---|
| 005 | 20260127134230.0 | ||
| 008 | 091209 1986 gw 000 0 ger d | ||
| 020 | |a 3132148040 | ||
| 035 | |a vtls010029947 | ||
| 039 | 9 | |y 200912091051 |z mschk03 | |
| 040 | |a STUSCHK1 |b slo |c STUSCHK1 |e AACR2 | ||
| 080 | |a 547 | ||
| 245 | 1 | |a Methoden der organischer Chemie |b (Houben-Weyl) |n Band XIII/9a |p Metallorganische Verbindungen Mn, Re, Fe, Ru, Os, Pt |c herausgegeben von Eugen Müller ...[et al.] | |
| 250 | |a 4. völlig neu gestaltete Aufl. | ||
| 260 | |a Stuttgart |b G.Thieme Verlag |c 1986 | ||
| 300 | |a xxvi, 980 s. |b il. |c 26 cm | ||
| 650 | 0 | |a organická chémia | |
| 700 | 0 | |a Müller, Eugen |d 1905-1976 |4 edt | |
| 910 | |a SCHK95 | ||
| 919 | |a 3-13-214804-0 | ||
| 999 | |c 7371 |d 7371 | ||